|
|
|
|
| LEADER |
00000nam0a2200000 4500 |
| 001 |
184795 |
| 005 |
20231031172518.0 |
| 035 |
|
|
|a (RuTPU)RU\TPU\book\200418
|
| 090 |
|
|
|a 184795
|
| 100 |
|
|
|a 20100920d1970 m y0rusy50 ca
|
| 101 |
0 |
|
|a rus
|
| 102 |
|
|
|a RU
|
| 105 |
|
|
|a a z 001zy
|
| 200 |
1 |
|
|a Тепло- и массообмен в звуковом поле
|f В. Е. Накоряков [и др.]
|
| 210 |
|
|
|a Новосибирск
|c Изд-во СО АН СССР
|d 1970
|
| 215 |
|
|
|a 253 с.
|c ил.
|
| 320 |
|
|
|a Библиогр.: с. 245-253.
|
| 610 |
1 |
|
|a теплообмен
|
| 610 |
1 |
|
|a звуковые колебания
|
| 610 |
1 |
|
|a массообмен
|
| 610 |
1 |
|
|a уравнения
|
| 610 |
1 |
|
|a вибрации
|
| 610 |
1 |
|
|a колебательные движения
|
| 610 |
1 |
|
|a экспериментальные исследования
|
| 675 |
|
|
|a 534.2
|v 3
|
| 700 |
|
1 |
|a Накоряков
|b В. Е.
|c физик
|c директор Института теплофизики СО РАН
|c выпускник ТЭФ Томского политехнического университета 1958 г.
|f 1935-
|g Владимир Елиферьевич
|2 stltpush
|3 (RuTPU)RU\TPU\pers\29240
|
| 701 |
|
1 |
|a Бурдуков
|b А. П.
|
| 701 |
|
1 |
|a Болдарев
|b А. М.
|
| 701 |
|
1 |
|a Терлеев
|b П. Н.
|
| 702 |
|
1 |
|a Кутателадзе
|b С. С.
|g Самсон Семенович
|4 340
|
| 712 |
0 |
2 |
|a Академия наук СССР (АН СССР)
|b Сибирское отделение (СО)
|b Институт теплофизики (ИТ)
|c (Новосибирск)
|2 stltpush
|3 (RuTPU)RU\TPU\col\11307
|
| 801 |
|
1 |
|a RU
|b 63413507
|c 20100920
|
| 801 |
|
2 |
|a RU
|b 63413507
|c 20151028
|g RCR
|
| 942 |
|
|
|c BK
|